<?xml version="1.0" encoding="UTF-8"?>
<record
    xmlns:xsi="http://www.w3.org/2001/XMLSchema-instance"
    xsi:schemaLocation="http://www.loc.gov/MARC21/slim http://www.loc.gov/standards/marcxml/schema/MARC21slim.xsd"
    xmlns="http://www.loc.gov/MARC21/slim">

  <leader>00968nam a22002537a 4500</leader>
  <controlfield tag="001">49325</controlfield>
  <controlfield tag="003">BD-RjUL</controlfield>
  <controlfield tag="005">20211209054650.0</controlfield>
  <controlfield tag="008">160820s1970    bg ||||| |||| 00| 0 ben d</controlfield>
  <datafield tag="020" ind1=" " ind2=" ">
    <subfield code="c">: TK. 13.50</subfield>
  </datafield>
  <datafield tag="035" ind1=" " ind2=" ">
    <subfield code="a">(BD-RjUL)49444</subfield>
  </datafield>
  <datafield tag="040" ind1=" " ind2=" ">
    <subfield code="a">BD-RjUL</subfield>
    <subfield code="b">ben</subfield>
    <subfield code="c">BD-RjUL</subfield>
    <subfield code="d">BD-RjUL</subfield>
  </datafield>
  <datafield tag="041" ind1=" " ind2=" ">
    <subfield code="a">ben</subfield>
  </datafield>
  <datafield tag="082" ind1=" " ind2=" ">
    <subfield code="2">23</subfield>
    <subfield code="a">891.73</subfield>
    <subfield code="b">DOA 1970</subfield>
  </datafield>
  <datafield tag="100" ind1=" " ind2=" ">
    <subfield code="a">&#x9A1;&#x9B8;&#x9CD;&#x99F;&#x9AF;&#x9BC;&#x9C7;&#x9AD;&#x9BF;&#x9B8;&#x9CD;&#x995;&#x9BF;, &#x9AB;&#x9BF;&#x9AF;&#x9BC;&#x9A1;&#x9B0; </subfield>
    <subfield code="9">148147</subfield>
  </datafield>
  <datafield tag="245" ind1=" " ind2=" ">
    <subfield code="a">&#x985;&#x9AA;&#x9B0;&#x9BE;&#x9A7; &#x993; &#x9B6;&#x9BE;&#x9B8;&#x9CD;&#x9A4;&#x9BF;  /</subfield>
    <subfield code="c">&#x9AB;&#x9BF;&#x9AF;&#x9BC;&#x9A1;&#x9B0; &#x9A1;&#x9B8;&#x9CD;&#x99F;&#x9AF;&#x9BC;&#x9C7;&#x9AD;&#x9CD;&#x200C;&#x9B8;&#x9CD;&#x995;&#x9BF; ; &#x985;&#x9A8;&#x9C1;&#x9AC;&#x9BE;&#x9A6; &#x986;&#x995;&#x9AC;&#x9B0; &#x989;&#x9A6;&#x9CD;&#x9A6;&#x9C0;&#x9A8;</subfield>
  </datafield>
  <datafield tag="260" ind1=" " ind2=" ">
    <subfield code="a">&#x9A2;&#x9BE;&#x995;&#x9BE; : </subfield>
    <subfield code="b">&#x9AC;&#x9BE;&#x999;&#x9B2;&#x9BE; &#x98F;&#x995;&#x9BE;&#x9A1;&#x9C7;&#x9AE;&#x9C0;,</subfield>
    <subfield code="c">&#x9E7;&#x9EF;&#x9ED;&#x9E6;.</subfield>
  </datafield>
  <datafield tag="300" ind1=" " ind2=" ">
    <subfield code="a">-&#x996;&#x9A8;&#x9CD;&#x9A1;-</subfield>
    <subfield code="c">&#x9E8;&#x9E9; &#x9B8;&#x9C7;&#x9AE;&#x9BF;.</subfield>
  </datafield>
  <datafield tag="505" ind1=" " ind2=" ">
    <subfield code="a">&#x996;&#x9A8;&#x9CD;&#x9A1;- &#x9E7;&#x9AE;</subfield>
  </datafield>
  <datafield tag="650" ind1=" " ind2=" ">
    <subfield code="a">&#x9B0;&#x9BE;&#x9B6;&#x9BF;&#x9AF;&#x9BC;&#x9BE;&#x9A8; &#x989;&#x9AA;&#x9A8;&#x9CD;&#x9AF;&#x9BE;&#x9B8; </subfield>
    <subfield code="9">148148</subfield>
  </datafield>
  <datafield tag="650" ind1=" " ind2=" ">
    <subfield code="a">Russian Fiction</subfield>
    <subfield code="9">122083</subfield>
  </datafield>
  <datafield tag="700" ind1=" " ind2=" ">
    <subfield code="a">&#x989;&#x9A6;&#x9CD;&#x9A6;&#x9C0;&#x9A8;, &#x986;&#x995;&#x9AC;&#x9B0; </subfield>
    <subfield code="9">147151</subfield>
  </datafield>
  <datafield tag="942" ind1=" " ind2=" ">
    <subfield code="2">ddc</subfield>
    <subfield code="c">BK</subfield>
  </datafield>
  <datafield tag="999" ind1=" " ind2=" ">
    <subfield code="c">49325</subfield>
    <subfield code="d">49325</subfield>
  </datafield>
  <datafield tag="952" ind1=" " ind2=" ">
    <subfield code="0">0</subfield>
    <subfield code="1">0</subfield>
    <subfield code="2">ddc</subfield>
    <subfield code="4">0</subfield>
    <subfield code="7">0</subfield>
    <subfield code="8">NFIC</subfield>
    <subfield code="a">RUCL</subfield>
    <subfield code="b">RUCL</subfield>
    <subfield code="c">Stack</subfield>
    <subfield code="d">1973-09-05</subfield>
    <subfield code="e">Nowros, Dhaka</subfield>
    <subfield code="g">13.50</subfield>
    <subfield code="l">0</subfield>
    <subfield code="o">B 891.73 DOA V-1 1970</subfield>
    <subfield code="r">2016-08-20 00:00:00</subfield>
    <subfield code="t">C-2</subfield>
    <subfield code="w">2016-08-20</subfield>
    <subfield code="y">BK</subfield>
  </datafield>
</record>
